| 000 | 01594nam a22003377a 4500 | ||
|---|---|---|---|
| 005 | 20100715110722.0 | ||
| 010 | _aENG-96402 B-430955 | ||
| 020 |
_a9780198063261 _c850.00 |
||
| 020 |
_a0198063261 _c850.00 |
||
| 035 | _aEN-79935 B-430955 | ||
| 037 | _bDBAD / PUB | ||
| 037 | _bAllied Pub/Ven | ||
| 082 | _a306.3 | ||
| 245 |
_aSociology and Anthropology of economic life 1 : _cedited by Veena Das [and] Ranendra K. Das _bthe moral embedding of economic action / |
||
| 260 |
_aNew Delhi _bOxford University Press _c2010 |
||
| 270 |
_aYMCA Library Building, Jai Singh Road, _bNew Delhi _e110001 |
||
| 300 |
_ax, 304 p. _c23cm (Hb) |
||
| 490 |
_aOxford in India readings in Sociology and Social Anthropology ; edited by T. N. Madan _928843 |
||
| 500 | _aIncludes index | ||
| 650 |
_aEconomic Anthropology _zIndia _928844 |
||
| 650 |
_aResource Based communities _zIndia _928845 |
||
| 700 |
_aDas, Veena _93498 |
||
| 700 |
_aDas, Ranendra K. _93499 |
||
| 700 |
_aDas, Ranendra K. _93500 |
||
| 700 |
_aMadan, T. N. _93501 |
||
| 700 |
_aMishra, Srijit _93502 |
||
| 942 |
_2ddc _cEN _mSOC _h306.3 |
||
| 999 |
_c36956 _d36956 |
||